Library Banner

Successful large account management (Record no. 7787)

MARC details
000 -LEADER
fixed length control field 00580nam a2200193Ia 4500
001 - CONTROL NUMBER
control field 6175
008 - FIXED-LENGTH DATA ELEMENTS--GENERAL INFORMATION
fixed length control field 140320s9999 xx 000 0 und d
020 ## - INTERNATIONAL STANDARD BOOK NUMBER
International Standard Book Number 0-7494-1404-9
040 ## - CATALOGING SOURCE
Transcribing agency PK-LaUMT
082 ## - DEWEY DECIMAL CLASSIFICATION NUMBER
Classification number 657.0681
Item number MIL-S
100 ## - MAIN ENTRY--PERSONAL NAME
Personal name Heiman, Stephen E., Jt. Auth.; (Tuleja, Tad), Jt.
245 ## - TITLE STATEMENT
Title Successful large account management
Statement of responsibility, etc Heiman, Stephen E., Jt. Auth.; (Tuleja, Tad), Jt.<>Miller, Robert B.
260 ## - PUBLICATION, DISTRIBUTION, ETC. (IMPRINT)
Place of publication, distribution, etc London,UK:
Name of publisher, distributor, etc Kogan Page,
Date of publication, distribution, etc 1991.
300 ## - PHYSICAL DESCRIPTION
Extent 224 p.
546 ## - LANGUAGE NOTE
Language note EN
650 ## - SUBJECT ADDED ENTRY--TOPICAL TERM
Topical term or geographic name as entry element Comparative accounting
700 ## - ADDED ENTRY--PERSONAL NAME
Personal name Miller, Robert B.
942 ## - ADDED ENTRY ELEMENTS (KOHA)
Koha item type Books
Holdings
Withdrawn status Lost status Damaged status Not for loan Home library Current library Date acquired Total Checkouts Full call number Barcode Date last seen Price effective from Koha item type
        UMT Main Campus UMT Main Campus 2014-03-20   657.0681 MIL-S 6472 2014-03-20 2014-03-20 Books